Ťažobno-výrobný a dopravný proces a obnova listnatých porastov

Bibliographic Details
Main Author: Rónay, Eugen, 1927- (Author)
Format: Article
Language:Slovak
PhysicalDescription:Obr. 2. Tb. 3.
Subjects:

MARC

LEADER 00000nab a2200000 a 4500
001 vtls000286249
003 SK-MaSNL
005 20260304172458.0
008 250526c1987 xo 0 slo
015 |a SNBRB19rr/mm-uuuuu 
035 |a CL0296367 
035 |a urn:nbn:sk:snk-ab2cwl 
035 |a (urnnbn)urn:nbn:sk:snk:ar-a02606 
035 |a (uuid)742353ea-00fd-45fd-9ee5-448e479f078d 
040 |a SNKBUCL  |b slo  |c SNKBUCL  |e AACR2 
041 0 |a slo 
044 |a xo  |c SK 
080 |a 630 3  |2 1981 
080 |a 630 23  |2 1981 
100 1 |a Rónay, Eugen,  |d 1927-  |4 aut  |9 243695 
245 1 0 |a Ťažobno-výrobný a dopravný proces a obnova listnatých porastov  |c Eugen Rónay 
300 |b Obr. 2. Tb. 3. 
650 0 7 |a drevo  |2 snkbucl  |9 3560 
650 0 7 |a ťažba dreva  |2 snkbucl  |9 16648 
650 0 7 |a listnaté dreviny  |2 snkbucl  |9 67406 
650 0 7 |a porasty lesné  |2 snkbucl  |9 841454 
655 7 |a články z novín a časopisov  |2 snkbucl  |9 267496 
773 0 |t Les  |g Roč. 43, č. 8 (1987), s. 357-360 
850 |a Slovenská národná knižnica 
852 |a Slovenská národná knižnica 
954 |a odborná, vedecká literatúra pôvodná (slovenská)  |2 lita 
958 |a ONDV 
958 |a article2022 
958 |a RK 
992 |a RBX 
999 |c 2998713  |d 3000643